| 000 | 00902 a2200277 4500 | ||
|---|---|---|---|
| 001 | 19396 | ||
| 999 |
_c19396 _d20900 |
||
| 003 | TR-AnTOB | ||
| 005 | 20240827103805.0 | ||
| 008 | 041102s1999 tu tur | ||
| 020 | _a9757237124 | ||
| 035 | _a19396 | ||
| 041 | _atur | ||
| 050 |
_aJS325 _b.K34 1999 |
||
| 090 | _aJS325 .K34 1999 | ||
| 100 |
_aKahraman, Hasan Bülent, _d1957- _9101140 |
||
| 245 | 0 |
_aKatılımcı demokrasi, kamusal alan ve yerel yönetim / _cHasan Bülent Kahraman ; E. Fuat Keyman , Ali Yaşar Sarıbay ; önsöz İlhan Tekeli. |
|
| 264 | 1 |
_aİstanbul : _bDemokrasi Kitaplığı, _c1999 |
|
| 300 |
_a62 p. : _b22 cm. |
||
| 490 | 0 | _aDemokrasi Kitaplığı Arayışlar, Tartışmalar, Deneyimler Dizisi; 2 | |
| 500 | _aIncludes bibliographies. | ||
| 650 | 7 |
_aDemokrasi _xTarih _2etuturkob _97136 |
|
| 650 | 7 |
_aSivil toplum _2etuturkob _99435 |
|
| 650 |
_aYerel yönetim _983252 |
||
| 902 | _a0006331 | ||
| 942 | _cBK | ||